| 000 | 00506nab a2200145Ia 4500 | ||
|---|---|---|---|
| 003 | ES-SlBCS | ||
| 005 | 20210601133738.0 | ||
| 008 | 140529s2004 xxu||||| |||| 00| 0 por d | ||
| 041 | _apor | ||
| 100 | 1 |
_aBatista, Gustavo Araújo _9209120 |
|
| 245 | 0 | 0 |
_aAs categorias epistemológicas, políticas e epistemológicopolíticas do pensamento lockeano _c Gustavo Araújo Batista |
| 650 | 0 | 4 |
_aEducación _986687 |
| 773 | 0 |
_tEducaçao e Filosofia _gvol. 18, nº. 35-36, 2004, págs. 35-82 _wRev1534 |
|
| 942 | _cAR | ||
| 999 |
_c601448 _d601448 |
||